A Decade of inspiring education in Bhutan ; (Record no. 8177)

MARC details
000 -LEADER
fixed length control field 00353nam a22001097a 4500
008 - FIXED-LENGTH DATA ELEMENTS--GENERAL INFORMATION
fixed length control field 190724b ||||| |||| 00| 0 eng d
100 ## - MAIN ENTRY--PERSONAL NAME
Personal name Schofield, Janet Ward.
245 ## - TITLE STATEMENT
Title A Decade of inspiring education in Bhutan ;
Remainder of title Royal Thimphu College`s first 10 years.
260 ## - PUBLICATION, DISTRIBUTION, ETC.
Place of publication, distribution, etc. Thimphu ;
Name of publisher, distributor, etc. Royal Thimphu College,
Date of publication, distribution, etc. 2019.
300 ## - PHYSICAL DESCRIPTION
Extent 61 p.
Dimensions 29 cm.
942 ## - Added entry Elements (Koha)
Source of classification or shelving scheme Dewey Decimal Classification
Holdings
Withdrawn status Lost status Source of classification or shelving scheme Damaged status Not for loan Collection code Home library Current library Shelving location Date acquired Serial Enumeration / chronology Total Checkouts Full call number Barcode Date last seen Price effective from Koha item type
    Dewey Decimal Classification     Periodicals RTC Library RTC Library Periodicals 24/07/2019 14115   Periodical Serials 30013921 24/07/2019 24/07/2019 Periodicals
    Dewey Decimal Classification     Periodicals RTC Library RTC Library Periodicals 24/07/2019 14114   Periodical Serials 30013912 24/07/2019 24/07/2019 Periodicals
    Dewey Decimal Classification     STORAGE RTC Library RTC Library STORAGE 24/07/2019 14113   Periodical Serials 30013813 24/07/2019 24/07/2019 Storage
    Dewey Decimal Classification     Periodicals RTC Library RTC Library Periodicals 24/07/2019 14117   Periodical Serials 30013924 24/07/2019 24/07/2019 Periodicals
    Dewey Decimal Classification     Periodicals RTC Library RTC Library Periodicals 24/07/2019 14116   Periodical Serials 30013879 24/07/2019 24/07/2019 Periodicals
Royal Thimphu College || All Right Reserved